Generation IX Pokémon (#906-#1008) - Statistics

General Stats
  • This quiz has been taken 114 times
  • The average score is 74 of 103
Answer Stats
# Pokémon Type Type % Correct
909 Fuecoco Fire
100%
906 Sprigatito Grass
96%
908 Meowscarada Grass Dark
94%
912 Quaxly Water
92%
921 Pawmi Electric
90%
922 Pawmo Electric Fighting
90%
914 Quaquaval Water Fighting
90%
910 Crocalor Fire
88%
913 Quaxwell Water
88%
911 Skeledirge Fire Ghost
88%
918 Spidops Bug
88%
907 Floragato Grass
85%
1007 Koraidon Fighting Dragon
85%
915 Lechonk Normal
85%
1008 Miraidon Electric Dragon
85%
923 Pawmot Electric Fighting
85%
930 Arboliva Grass Normal
81%
941 Kilowattrel Electric Flying
81%
916 Oinkologne Normal
81%
928 Smoliv Grass Normal
81%
917 Tarountula Bug
81%
940 Wattrel Electric Flying
81%
998 Baxcalibur Ice Dragon
79%
929 Dolliv Grass Normal
79%
990 Iron Treads Ground Steel
79%
959 Tinkaton Fairy Steel
79%
965 Varoom Steel Poison
79%
975 Cetitan Ice
77%
974 Cetoddle Ice
77%
996 Frigibax Ice Dragon
77%
992 Iron Hands Fighting Electric
77%
920 Lokix Bug Dark
77%
932 Nacli Rock
77%
962 Bombirdier Dark Flying
75%
951 Capsakid Grass
75%
926 Fidough Fairy
75%
1000 Gholdengo Ghost Steel
75%
999 Gimmighoul Ghost
75%
933 Naclstack Rock
75%
919 Nymble Bug
75%
952 Scovillain Grass Fire
75%
957 Tinkatink Fairy Steel
75%
958 Tinkatuff Fairy Steel
75%
927 Dachsbun Fairy
73%
977 Dondozo Water
73%
934 Garganacl Rock
73%
984 Great Tusk Ground Fighting
73%
985 Scream Tail Fairy Psychic
73%
997 Arctibax Ice Dragon
71%
947 Brambleghast Grass Ghost
71%
986 Brute Bonnet Grass Dark
71%
935 Charcadet Fire
71%
987 Flutter Mane Ghost Fairy
71%
966 Revavroom Steel Poison
71%
978 Tatsugiri Water Dragon
71%
976 Veluza Water Psychic
71%
936 Armarouge Fire Psychic
69%
946 Bramblin Grass Ghost
69%
981 Farigiraf Normal Psychic
69%
993 Iron Jugulis Dark Flying
69%
1006 Iron Valiant Fairy Fighting
69%
964 Palafin Water
69%
1005 Roaring Moon Dragon Dark
69%
937 Ceruledge Fire Ghost
67%
967 Cyclizar Dragon Normal
67%
982 Dudunsparce Normal
67%
956 Espathra Psychic
67%
963 Finizen Water
67%
991 Iron Bundle Ice Water
67%
994 Iron Moth Fire Poison
67%
979 Annihilape Fighting Ghost
65%
973 Flamigo Flying Fighting
65%
950 Klawf Rock
65%
931 Squawkabilly Normal Flying
65%
980 Clodsire Poison Ground
63%
955 Flittle Psychic
63%
995 Iron Thorns Rock Electric
63%
983 Kingambit Dark Steel
63%
943 Mabosstiff Dark
63%
968 Orthworm Steel
63%
989 Sandy Shocks Electric Ground
63%
944 Shroodle Poison Normal
63%
948 Toedscool Ground Grass
63%
939 Bellibolt Electric
60%
1002 Chien-Pao Dark Ice
60%
945 Grafaiai Poison Normal
60%
954 Rabsca Bug Psychic
60%
953 Rellor Bug
60%
949 Toedscruel Ground Grass
60%
960 Wiglett Water
60%
961 Wugtrio Water
60%
971 Greavard Ghost
58%
972 Houndstone Ghost
58%
1001 Wo-Chien Dark Grass
58%
942 Maschiff Dark
56%
938 Tadbulb Electric
56%
1004 Chi-Yu Dark Fire
54%
969 Glimmet Poison Rock
54%
970 Glimmora Poison Rock
54%
988 Slither Wing Bug Fighting
54%
1003 Ting-Lu Dark Ground
54%
924 Tandemaus Normal
52%
925 Maushold Normal
50%
No matching quizzes found
Score Distribution
Percent of People with Each Score
Percentile by Number Answered
Your Score History
You have not taken this quiz